000
00258nam a2200109Ia 4500
999
_c
8562
_d
8562
020
_a
978-0201100884
100
_a
Sethi,Ravi
245
0
_a
Compilers Principles, Techniques and Tools
260
_a
London
_b
World Scientific
_c
2005
300
_a
320
942
_c
BK